Roles & Responsibilities of Clinical Research Coordinator in a Prospective Observational Cross Sectional Year Long Audit of an Acute Respiratory Distress Syndrome (ARDS) which Includes Patients Characteristics its Incidences Causes Treatment Management Practice and Outcones and : Locoregional Control Rate Survival and Complications in Patients of Carcinoma Oral Tongue Treated with Adjuvant Intensity Modulated Radiation Therapy (IMRT) with or without Concurrent Chemotherapy at Department of Radiation Oncology: MAX Super Speciality Hospital Delhi - A Hospital Based Retrospective Cross Sectinal Study. (Record no. 1851693)

MARC details
000 -LEADER
fixed length control field 01407nam a2200349Ia 4500
005 - DATE AND TIME OF LATEST TRANSACTION
control field 20260514124335.0
008 - FIXED-LENGTH DATA ELEMENTS--GENERAL INFORMATION
fixed length control field 008 261405s9999 xx 000 0 eng d
037 ## -
-- Thesis
040 ## - CATALOGING SOURCE
-- CRL
040 ## - CATALOGING SOURCE
Language of cataloging eng
040 ## - CATALOGING SOURCE
Transcribing agency CRL
041 ## - LANGUAGE CODE
Language code of text eng
084 ## - COLON CLASSIFICATION NUMBER
-- CRL
100 ## - MAIN ENTRY--PERSONAL NAME
Student/researcher name Srivastava Abhay
245 #0 - TITLE STATEMENT
Title Roles & Responsibilities of Clinical Research Coordinator in a Prospective Observational Cross Sectional Year Long Audit of an Acute Respiratory Distress Syndrome (ARDS) which Includes Patients Characteristics its Incidences Causes Treatment Management Practice and Outcones and : Locoregional Control Rate Survival and Complications in Patients of Carcinoma Oral Tongue Treated with Adjuvant Intensity Modulated Radiation Therapy (IMRT) with or without Concurrent Chemotherapy at Department of Radiation Oncology: MAX Super Speciality Hospital Delhi - A Hospital Based Retrospective Cross Sectinal Study.
260 ## - PUBLICATION, DISTRIBUTION, ETC.
Place of publication, distribution, etc. Delhi
260 ## - PUBLICATION, DISTRIBUTION, ETC.
Name of publisher, distributor, etc. University of Delhi
260 ## - PUBLICATION, DISTRIBUTION, ETC.
Date of publication, distribution, etc. 2014
300 ## - PHYSICAL DESCRIPTION
Extent 110p.
502 ## - Thesis Note
Degree type Ph.D.
502 ## - Thesis Note
Name of granting institution University of Delhi
502 ## - Thesis Note
Year degree granted 2014
650 ## - SUBJECT ADDED ENTRY--TOPICAL TERM
LCSH or local subjects Pharmaceutics (DIPSAR)
700 ## - ADDED ENTRY--PERSONAL NAME
Supervisor / Guide name Dr. Vineeta Goel
700 ## - ADDED ENTRY--PERSONAL NAME
Supervisor / Guide name Dr.Rajani Mathur
700 ## - ADDED ENTRY--PERSONAL NAME
Supervisor / Guide name Dr.S.K.Gupta,
942 ## - ADDED ENTRY ELEMENTS (KOHA)
Koha item type Thesis
100 ## - MAIN ENTRY--PERSONAL NAME
-- 1239436
541 ## - IMMEDIATE SOURCE OF ACQUISITION NOTE
-- Thesis
700 ## - ADDED ENTRY--PERSONAL NAME
-- 1239437
700 ## - ADDED ENTRY--PERSONAL NAME
-- 1239434
710 ## - ADDED ENTRY--CORPORATE NAME
-- 1239426
999 ## -
-- 1851693
-- 1851693
Holdings
Withdrawn status Lost status Not for loan Home library Current library Date acquired Accession Number Koha item type
      Central Library Central Library 2026-05-14 TH0027979 Thesis
Copyright @ Delhi University Library System